1.FC Köln: Alle Torschützen der 2000er - Statistiken

Allgemein
  • Dieses Quiz wurde 44 mal gespielt
  • Das Durchschnittsergebnis liegt bei 14 aus 51
Antwortstatistiken
Pos. Nat. Spieler % Korrekt
ST GER Lukas Podolski
100%
ST SLO Milivoje Novakovic
74%
ST GER Matthias Scherz
65%
VER BRA Pedro Geromel
59%
VER LBN Youssef Mohamad
59%
MIT POR Petit
56%
ST UKR Andrey Voronin
53%
VER CAN Kevin McKenna
53%
ST GER Patrick Helmes
53%
VER SLO Miso Brecko
47%
MIT GER Dirk Lottner
44%
MIT POR Maniche
44%
ST SUI Marco Streller
38%
VER GER Carsten Cullmann
32%
MIT FRA Fabrice Ehret
29%
MIT SRB Zoran Tosic
29%
MIT GER Adil Chihi
26%
MIT POL Adam Matuschyk
24%
MIT GER Alexander Voigt
24%
ST GER Christian Timm
24%
MIT GER Markus Kreuz
24%
VER GER Thomas Cichon
24%
ST BFA Wilfried Sanou
24%
MIT GER Albert Streit
21%
VER TUR Alpay Özalan
21%
ST HUN Imre Szabics
21%
ST NIG Manasseh Ishiaku
21%
VER GER Mustafa Dogan
21%
ST GER Sebastian Freis
21%
ST RUM Sergiu Radu
21%
MIT ZMB Andrew Sinkala
18%
ST GEO Archil Arveladze
18%
ST BUL Georgi Donkov
18%
MIT GER Markus Feulner
18%
VER GER Daniel Brosinski
15%
ST GER Markus Kurth
15%
VER CAM Marvin Matip
15%
MIT GER Christian Springer
12%
MIT GER Denis Epstein
12%
MIT GER Florian Kringe
12%
MIT GER Kevin Pezzoni
12%
MIT CZE Miroslav Baranek
12%
ST SRB Nemanja Vucicevic
12%
VER CRO Boris Zivkovic
9%
VER GER Cristopher Schorch
9%
ST GER Marius Ebbers
9%
MIT GER Oliver Schröder
9%
VER GER Björn Schlicke
6%
VER SRB Darko Pivaljevic
6%
VER SUI Marc Zellweger
6%
VER GER Roland Benschneider
6%
Keine übereinstimmenden Quizze gefunden
Verteilung der Resultate
Anzahl Personen mit jedem Resultat
Perzentil nach korrekt beantworteten Fragen
Ihre Resultats-Entwicklung
Sie haben dieses Quiz noch nicht gespielt